| 000 | 01107nam a2200337 i 4500 | ||
|---|---|---|---|
| 003 | EG-ScBUE | ||
| 005 | 20230809101101.0 | ||
| 008 | 080730s2006 enkb f d 000 0 eng d | ||
| 020 | _a0192807005 | ||
| 020 | _a9780192807007 | ||
| 035 | _a(OCoLC)ocm42791750 | ||
| 040 |
_aEG-ScBUE _beng _erda _cEG-ScBUE _dEG-ScBUE |
||
| 082 | 0 | 4 |
_a903 _bDIC _222 |
| 245 | 0 | 2 | _aA dictionary of world history. |
| 246 | 3 | 4 | _aOxford dictionary of world history |
| 250 | _aSecond edition. | ||
| 264 | 1 |
_aOxford ; _aNew York : _bOxford University Press, _c2006. |
|
| 300 |
_a712 pages : _bmaps ; _c20 cm. |
||
| 336 |
_2rdacontent _atext _btxt |
||
| 337 |
_2rdamedia _aunmediated _bn |
||
| 338 |
_2rdacarrier _avolume _bnc |
||
| 490 | 0 | _aOxford paperback reference | |
| 590 | _ayassmeen ashraf | ||
| 650 | 7 |
_aHistory _vDictionaries. _2BUEsh |
|
| 651 | _2BUEsh | ||
| 653 | _cAugust2015 | ||
| 655 | _vReading book | ||
| 856 | 4 | 2 |
_3Publisher description _uhttp://www.loc.gov/catdir/enhancements/fy0611/00702307-d.html |
| 856 | 4 | 2 | _uhttp://www.oxfordreference.com/views/BOOK_SEARCH.html?book=t48 |
| 942 |
_cNB _k903 DIC _2ddc |
||
| 999 |
_c1975 _d1975 |
||